Painted Cloth (Record no. 10873)
[ view plain ]
| 000 -CABECERA | |
|---|---|
| campo de control de longitud fija | 01367nam a22003017a 4500 |
| 001 - NÚMERO DE CONTROL | |
| campo de control | BRCA_9254 |
| 003 - IDENTIFICADOR DEL NÚMERO DE CONTROL | |
| campo de control | FranzMayer |
| 005 - FECHA Y HORA DE LA ÚLTIMA TRANSACCIÓN | |
| campo de control | 20230717140023.0 |
| 008 - DATOS DE LONGITUD FIJA--INFORMACIÓN GENERAL | |
| campo de control de longitud fija | 230714b |||||||| |||| 00| 0 eng d |
| 020 ## - NÚMERO INTERNACIONAL ESTÁNDAR DEL LIBRO | |
| Número Internacional Estándar del Libro | 9781447323977 |
| 040 ## - FUENTE DE LA CATALOGACIÓN | |
| Centro catalogador/agencia de origen | MFM |
| Lengua de catalogación | esp |
| Centro/agencia transcriptor | MFM |
| 041 ## - CÓDIGO DE LENGUA | |
| Código de lengua del texto/banda sonora o título independiente | esp |
| 050 #0 - SIGNATURA TOPOGRÁFICA DE LA BIBLIOTECA DEL CONGRESO | |
| Número de clasificación | NK8908.N52.2 |
| Número de documento/Ítem | B53 2022 |
| 110 1# - ENTRADA PRINCIPAL--NOMBRE DE ENTIDAD CORPORATIVA | |
| Nombre de entidad corporativa o nombre de jurisdicción como elemento de entrada | Blanton Museum of Art |
| 9 (RLIN) | 28712 |
| 240 1# - TÍTULO UNIFORME | |
| Título uniforme | Painted Clothes: Fashion and Ritual in Colonial Latin America |
| Lenguaje de la obra | english |
| 245 0# - MENCIÓN DE TÍTULO | |
| Título | Painted Cloth |
| Resto del título | Fashion and Ritual in Colonial Latin America |
| 260 ## - PUBLICACIÓN, DISTRIBUCIÓN, ETC. | |
| Lugar de publicación, distribución, etc. | China |
| Nombre del editor, distribuidor, etc. | Blanton Museum of Art |
| Fecha de publicación, distribución, etc. | 2022 |
| 300 ## - DESCRIPCIÓN FÍSICA | |
| Extensión | 229 p |
| Otras características físicas | ilustraciones a color |
| Dimensiones | 27 cm |
| Material acompañante/anejo | El libro viene en una caja de cartón complementaria |
| 500 ## - NOTA GENERAL | |
| Nota general | L60/N4 |
| 505 0# - NOTA DE CONTENIDO CON FORMATO | |
| Nota de contenido con formato | Título del lomo: Painted ClothAcompañado de: Caja protectora de cartón duroDestinado a: Diseñadores, diseñadores de moda, investigadores, antropólogos, historiadoresTexto en: inglésIncluye índice (temático)Incluye glosarioBibliografía 187-200 pIncluye referencias bibliográficas e índice |
| 610 1# - PUNTO DE ACCESO ADICIONAL DE MATERIA--NOMBRE DE ENTIDAD CORPORATIVA | |
| Nombre de entidad corporativa o nombre de jurisdicción como elemento de entrada | Blanton Museum of Art |
| 9 (RLIN) | 28713 |
| 650 1# - PUNTO DE ACCESO ADICIONAL DE MATERIA--TÉRMINO DE MATERIA | |
| Fuente del encabezamiento o término | Artes decorativas |
| Término de materia o nombre geográfico como elemento de entrada | Textiles |
| 9 (RLIN) | 28714 |
| Subdivisión de forma | Latinoamerica |
| 651 ## - PUNTO DE ACCESO ADICIONAL DE MATERIA--NOMBRE GEOGRÁFICO | |
| Fuente del encabezamiento o término | Latinoamérica |
| Nombre geográfico | Nueva España |
| Subdivisión de forma | Colonial |
| 9 (RLIN) | 28837 |
| 700 1# - PUNTO DE ACCESO ADICIONAL--NOMBRE DE PERSONA | |
| Código de función/relación | Ed. |
| Nombre de persona | Granados I, Rosaro |
| 9 (RLIN) | 28715 |
| 710 2# - PUNTO DE ACCESO ADICIONAL--NOMBRE DE ENTIDAD CORPORATIVA | |
| Código de función/relación | Dist |
| Nombre de entidad corporativa o nombre de jurisdicción como elemento de entrada | Tower Books |
| 9 (RLIN) | 28716 |
| 710 2# - PUNTO DE ACCESO ADICIONAL--NOMBRE DE ENTIDAD CORPORATIVA | |
| Código de función/relación | Imp. |
| Nombre de entidad corporativa o nombre de jurisdicción como elemento de entrada | University of Texas Press, Austin |
| 9 (RLIN) | 28717 |
| 942 ## - ELEMENTOS DE PUNTO DE ACCESO ADICIONAL (KOHA) | |
| Fuente del sistema de clasificación o colocación | Library of Congress Classification |
| Tipo de ítem Koha | Libros |
| Estado de retiro | Estado de pérdida | Fuente del sistema de clasificación o colocación | Estado dañado | No para préstamo | Código de colección | Localización permanente | Ubicación/localización actual | Fecha de adquisición | Fuente de adquisición | Total de préstamos | Signatura topográfica completa | Código de barras | Fecha visto por última vez | Número de copia | Precio válido a partir de | Tipo de ítem Koha |
|---|---|---|---|---|---|---|---|---|---|---|---|---|---|---|---|---|
| El ejemplar forma parte de la colección y puede ser consultado según las políticas vigentes. | Library of Congress Classification | Fondo Contemporáneo | Biblioteca del Museo Franz Mayer (Rogerio Casas-Alatriste) | Biblioteca del Museo Franz Mayer (Rogerio Casas-Alatriste) | 14/07/2023 | Donación | NK8908.N52.2 B53 2022 | CONT10050 | 14/07/2023 | 1 | 14/07/2023 | Libros |